000 00543nab a22001457 4500
003 ES-SlBCS
005 20210327224319.0
008 201211s2020 sp ||||| |||| 00| 0 spa d
040 _aES-SlBCS
_bspa
041 _aspa
100 1 _aCooreman-Guittin, Talitha
_9121113
245 1 1 _a«Encontrar algo que pueda hacer Benedicta». ¿Qué lugar ocupan las mujeres con discapacidades intelectuales en la liturgia eucaristica?
_cTalitha Cooreman-Guittin
773 0 _gNúm. 388, 2020, págs. 131-142
_tConcilium
_wRev134
_x0210-1041
942 _2lcc
_cAR
999 _c490804
_d490804